Online
Catalog

Programas de primero y segundo cursos: (Record no. 55364)

MARC details
000 -CABECERA
campo de control de longitud fija 02000nam a2200277 i 4500
003 - IDENTIFICADOR DEL NÚMERO DE CONTROL
campo de control DO-SdBNP
005 - FECHA Y HORA DE LA ÚLTIMA TRANSACCIÓN
campo de control 20231107080912.0
006 - CÓDIGOS DE INFORMACIÓN DE LONGITUD FIJA--CARACTERÍSTICAS DEL MATERIAL ADICIONAL
campo de control de longitud fija a||||br|||| 00| 0
007 - CAMPO FIJO DE DESCRIPCIÓN FÍSICA--INFORMACIÓN GENERAL
campo de control de longitud fija ta
008 - DATOS DE LONGITUD FIJA--INFORMACIÓN GENERAL
campo de control de longitud fija 231101e1977 dr ad||| |||| 00| 0 spa d
040 ## - FUENTE DE LA CATALOGACIÓN
Centro catalogador/agencia de origen DO-SdBNP
Lengua de catalogación spa
Centro/agencia transcriptor BNPHU
Normas de descripción rda
082 #4 - NÚMERO DE LA CLASIFICACIÓN DECIMAL DEWEY
Número de edición 22
Número de documento/Ítem R426pro
110 1# - ENTRADA PRINCIPAL--NOMBRE DE ENTIDAD CORPORATIVA
Nombre de entidad corporativa o nombre de jurisdicción como elemento de entrada República Dominicana.
Unidad subordinada Ministerio de Educación, Bellas Artes y Cultos
9 (RLIN) 57024
Término indicativo de función/relación autor
245 10 - MENCIÓN DE TÍTULO
Título Programas de primero y segundo cursos:
Resto del título educación primaria. /
Mención de responsabilidad, etc. Presentación, Leonardo Matos Berrido.
264 ## - PRODUCCIÓN, PUBLICACIÓN, DISTRIBUCIÓN, FABRICACIÓN Y COPYRIGHT
Producción, publicación, distribución, fabricación y copyright Santo Domingo :
Nombre del de productor, editor, distribuidor, fabricante Secretaría de Educación, Bellas Artes y Cultos,
Fecha de producción, publicación, distribución, fabricación o copyright 1977
300 ## - DESCRIPCIÓN FÍSICA
Extensión 268 páginas :
Otras características físicas Ilustraciones, gráficas ;
Dimensiones 27 cm.
336 ## - TIPO DE CONTENIDO
Fuente rdacontent
Término de tipo de contenido texto
Código de tipo de contenido txt
337 ## - TIPO DE MEDIO
Fuente rdamedia
Nombre/término del tipo de medio sin mediación
Código del tipo de medio n
338 ## - TIPO DE SOPORTE
Fuente rdacarrier
Nombre/término del tipo de soporte volumen
Código del tipo de soporte nc
500 ## - NOTA GENERAL
Nota general Portada: Mural de Velaz Zanetti que se encuentra en la Secretaría de Estado de Educación, Bellas Artes y Cultos.
504 ## - NOTA DE BIBLIOGRAFÍA, ETC.
Nota de bibliografía, etc. Bibliografía: página, 268
505 ## - NOTA DE CONTENIDO CON FORMATO
Nota de contenido con formato Presentación. /
Mención de responsabilidad Dr. Leonardo Matos Berrido.--
Título Ordenanza No. 177 que establece el marco conceptual de la Educación Primaria.--
-- Ordenanza No. 177 que establece el nuevo currículo para la Educación Primaria Nacional.--
-- Fundamentación y Estructuración.--
-- Comisión elaboradora.--
-- El lenguaje al Servicio de la Comunicación. 1er. Curso--
-- El lenguaje al Servicio de la Comunicación. 2do. Curso--
-- Matemática Primer Curso.--
-- Matemática Segundo Curso.--
-- Estudios Sociales Primer Curso.--
-- Estudios Sociales Segundo Curso.--
-- Religión.--
-- La Naturaleza y sus Manifestaciones - Primer Curso.--
-- La Naturaleza y sus Manifestaciones - Segundo Curso.--
-- Actividades Manuales y Artes Expresivas (Artes Plásticas y Educación Musical). Primer Curso.--
-- Educación Musical Primer Curso.--
-- Educación Musical Primer Curso.--
-- Educación Musical Segundo Curso.--
-- Educación Física.--
-- Bibliografía.
590 ## - NOTA LOCAL (RLIN)
Nota local Inventariado 2023 / MF
700 1# - PUNTO DE ACCESO ADICIONAL--NOMBRE DE PERSONA
Nombre de persona Matos Berrido, Leonardo,
9 (RLIN) 24949
Término indicativo de función/relación presentación
942 ## - ELEMENTOS DE PUNTO DE ACCESO ADICIONAL (KOHA)
Fuente del sistema de clasificación o colocación Dewey Decimal Classification
Tipo de ítem Koha Libro
Holdings
Estado de retiro Estado de pérdida Fuente del sistema de clasificación o colocación Restricciones de uso No para préstamo Código de colección Localización permanente Ubicación/localización actual Ubicación en estantería Fecha de adquisición Fuente de adquisición Total de préstamos Signatura topográfica completa Código de barras Fecha visto por última vez Precio válido a partir de Tipo de ítem Koha
    Dewey Decimal Classification Excluido de préstamo   Patrimonio Dominicano Biblioteca Nacional Pedro Henríquez Ureña Biblioteca Nacional Pedro Henríquez Ureña En catalogación 01.12.2014 Donado por Barbara Suncar   R426pro 2023-7523 01.11.2023 01.11.2023 Libro

Powered by Koha